Name all UK Reptiles and Amphibians - Statistics

General Stats
  • This quiz has been taken 21 times
  • The average score is 11 of 25
Answer Stats
Hint Answer % Correct
Adder
93%
Snakes Grass Snake
93%
Amphibians Frogs Common Frog
79%
Toads Common Toad
79%
Natterjack Toad
71%
Sand Lizard
71%
Smooth Snake
71%
Common Lizard
64%
Great-Crested Newt
57%
Reptiles Lizards Slow Worm
57%
Newts Smooth Newt
57%
Palmate Newt
43%
Lizards Wall Lizard
43%
European Tree Frog
36%
Frogs Marsh Frog
36%
Pool Frog
36%
Non-Natives Snakes Aesculapian Snake
29%
Turtles European Pond Turtle
29%
American Bullfrog
21%
Newts Alpine Newt
14%
African-Clawed Frog
7%
Fire-Bellied Toad
7%
Italian Crested Newt
7%
Toads Midwife Toad
7%
Western Green Lizard
0%
No matching quizzes found
Score Distribution
Percent of People with Each Score
Percentile by Number Answered
Your Score History
You have not taken this quiz